00497nam a2200157 a 4500008004100000020001500041041000800056100003200064245005400096250001100150260003900161300001100200500009800211653001600309653001400325110816s1996 ag a f |||| 001 0 spa d a9505551886 aspa1 aGonzález Zuelgaray, Jorge aArritmias Cardiacas /cJorge González Zuelgaray a1a ed. aBuenos Aires:bIntermedica;c1996. a287 p. aGonzález Zuelgaray, J. (1996). Arritmias Cardíacas. (1a ed.). Buenos Aires : Intermedica. aCardiologia aArritmias